[Event "Open A"]
[Site "Moscow RUS"]
[Date "2009.02.06"]
[Round "7"]
[White "Amonatov,F"]
[Black "Ponkratov,P"]
[Result "1-0"]
[WhiteElo "2647"]
[BlackElo "2558"]

1.e4 d6 2.d4 Nf6 3.Nc3 e5 4.Nf3 Nbd7 5.Bc4 Be7 6.O-O c6 7.a4 O-O 8.Ba2 Qc7
9.Qe2 b6 10.Rd1 a6 11.h3 Rb8 12.d5 cxd5 13.Bxd5 Bb7 14.Bxb7 Qxb7 15.Bg5 Rfc8
16.Bxf6 Nxf6 17.Nd5 Nxd5 18.Rxd5 Qc6 19.c3 b5 20.axb5 axb5 21.Nd2 g6 22.Qd3 b4
23.c4 Ra8 24.Rd1 Qa4 25.b3 Qa2 26.Rb5 Rcb8 27.Nf1 Rxb5 28.cxb5 d5 29.exd5 Bc5
30.Ne3 Qb2 31.d6 Rd8 32.d7 Bd4 33.Qc4 Qc3 34.Nd5 Qxc4 35.bxc4 b3 36.b6 Kf8
37.b7 Ba7 38.Rb1 Rxd7 39.Rxb3 Bb8 40.Rb6 e4 41.Kf1 Kg7 42.Ke2  1-0

[Event "I Sonnenfeld Mem"]
[Site "Praca Seca BRA"]
[Date "2009.02.06"]
[Round "7"]
[White "Cunha,E"]
[Black "Guerrero,Alv"]
[Result "1/2-1/2"]
[WhiteElo "2206"]
[BlackElo "2178"]

1.e4 d6 2.d4 Nf6 3.Nc3 e5 4.dxe5 dxe5 5.Qxd8+ Kxd8 6.Nf3 Bd6 7.Bc4 Be6 8.Bxe6 fxe6
9.Bg5 Nd7 10.O-O-O a6 11.a3 Ke7 12.h3 Rab8 13.Rd2 b5 14.Rhd1  1/2-1/2

[Event "TCh-HUN 2008-9"]
[Site "Budapest HUN"]
[Date "2009.02.08"]
[Round "7"]
[White "Papp,Ga"]
[Black "Radnai,A"]
[Result "1-0"]
[WhiteElo "2509"]
[BlackElo "2286"]

1.e4 d6 2.d4 Nf6 3.Nc3 e5 4.Nf3 Nbd7 5.Bc4 Be7 6.O-O O-O 7.Re1 a6 8.a4 b6
9.h3 c6 10.d5 c5 11.Kh1 Kh8 12.Rg1 Ng8 13.g4 g6 14.Bd3 Ndf6 15.Be3 Ne8 16.Rg3 Ng7
17.Qe2 Ra7 18.Rag1 Qe8 19.R3g2 Bd8 20.b3 f6 21.Bd2 Qf7 22.Nd1 Qb7 23.Ne3 Qa8
24.h4 Raf7 25.Bc3 h5 26.Qd2 hxg4 27.Nxg4 Nh5 28.Nh6 Nf4 29.Nxf7+ Rxf7 30.Rxg6 Nxg6
31.Rxg6 Rg7 32.Rxg7 Kxg7 33.Nh2 Ne7 34.f4 Ng6 35.f5 Nf4 36.Qf2 Bxf5 37.exf5 Qxd5+
38.Qf3 Qxf3+ 39.Nxf3 d5 40.Bxa6 e4 41.Ng1 d4 42.Be1 Nd5 43.Bb7  1-0

[Event "TCh-FIN"]
[Site "Finland FIN"]
[Date "2009.02.15"]
[Round "7"]
[White "Penttinen,J"]
[Black "Parkkinen,J"]
[Result "1/2-1/2"]
[WhiteElo "2322"]
[BlackElo "2242"]

1.e4 d6 2.d4 Nf6 3.Nc3 Nbd7 4.Nf3 e5 5.Be2 Be7 6.O-O O-O 7.Re1 c6 8.h3 Qc7
9.a4 b6 10.Be3 Bb7 11.Bf1 a6 12.dxe5 dxe5 13.Nd2 b5 14.Ne2 Bc5 15.Ng3 Bxe3
16.Rxe3 g6 17.Nb3 Rfd8 18.Qf3 Kg7 19.Ree1 Qb6 20.c4 bxc4 21.Bxc4 c5 22.Qc3 Rac8
23.Ra3 Qc7 24.Na5 Nb6 25.Nxb7 Qxb7 26.Rb3 Qc7 27.Bxa6 Nxa4 28.Qe3 Ra8 29.Bf1 h6
30.Rb5 Ra5 31.Rc1 Rd4 32.Qa3 Rxb5 33.Bxb5 Qa5 34.Bxa4 Rxa4 35.Qxc5 Qxc5 36.Rxc5 Nxe4
37.Rxe5 Ra1+ 38.Kh2 Nxf2 39.Re2 Nd3 40.Rd2 Ne5 41.Re2  1/2-1/2

[Event "TCh-FIN"]
[Site "Finland FIN"]
[Date "2009.02.15"]
[Round "7"]
[White "Kanep,M"]
[Black "Kiik,K"]
[Result "1/2-1/2"]
[WhiteElo "2526"]
[BlackElo "2464"]

1.d4 d6 2.e4 Nf6 3.Nc3 e5 4.dxe5 dxe5 5.Qxd8+ Kxd8 6.Bc4 Be6 7.Bxe6 fxe6
8.Be3 Nbd7 9.f3 Bb4 10.Ne2 Ke7 11.a3 Bd6 12.Nb5 a6 13.Nxd6 cxd6 14.O-O-O Rhc8
15.Kb1 Rc6 16.Nc1 b5 17.Rd2  1/2-1/2

[Event "ch-VIE Stage1"]
[Site "Ha Noi VIE"]
[Date "2009.02.17"]
[Round "4"]
[White "Tran Tuan Minh"]
[Black "Bao Khoa"]
[Result "0-1"]
[WhiteElo "2043"]
[BlackElo "2180"]

1.d4 d6 2.e4 Nf6 3.Nc3 Nbd7 4.f4 c6 5.Nf3 Qc7 6.Be2 e5 7.O-O Be7 8.Kh1 exd4
9.Nxd4 O-O 10.Bf3 Re8 11.Qe2 Bf8 12.g4 Nc5 13.Qg2 Qb6 14.Nde2 d5 15.exd5 Nxd5
16.Nxd5 cxd5 17.Nc3 d4 18.Nd5 Qd8 19.f5 Bd6 20.Bf4 Bxf4 21.Nxf4 Bd7 22.Rfd1 Bc6
23.Bxc6 bxc6 24.c3 Re4 25.Ne2 d3 26.Nd4 Qd5 27.h3 Rae8 28.Rac1 d2 29.Rxd2 Re1+
30.Rxe1 Rxe1+  0-1

[Event "Aeroflot Open"]
[Site "Moscow RUS"]
[Date "2009.02.17"]
[Round "1"]
[White "Li Chao2"]
[Black "Ponkratov,P"]
[Result "0-1"]
[WhiteElo "2628"]
[BlackElo "2558"]

1.e4 d6 2.d4 Nf6 3.Nc3 e5 4.Nf3 Nbd7 5.g4 Nxg4 6.Rg1 Ngf6 7.Bc4 h6 8.Be3 c6
9.dxe5 dxe5 10.Qd3 b5 11.Bb3 Qa5 12.O-O-O Ba6 13.Ne2 b4 14.Bxf7+ Kxf7 15.Qb3+ Ke7
16.Ned4 exd4 17.Nxd4 Rc8 18.Qe6+ Kd8 19.e5 c5 20.Nc6+  0-1

[Event "2nd Pfalz Open"]
[Site "Neustadt an der Weinstrasse GER"]
[Date "2009.02.17"]
[Round "4"]
[White "Radovanovic,J"]
[Black "Kunin,V"]
[Result "0-1"]
[WhiteElo "2345"]
[BlackElo "2546"]

1.e4 d6 2.d4 Nf6 3.Nc3 Nbd7 4.f4 e5 5.Nf3 exd4 6.Qxd4 c6 7.Qf2 d5 8.e5 Ng4
9.Qg3 Nc5 10.h3 Nh6 11.Qf2 Be7 12.Be3 Qa5 13.Bd2 Qb6 14.Rb1 Ne4 15.Qxb6 axb6
16.g4 f6 17.Bd3 Nxc3 18.Bxc3 fxe5 19.Bxe5 O-O 20.a3 Nf7 21.O-O Nxe5 22.Nxe5 g6
23.Kg2 Ra4 24.f5 gxf5 25.gxf5 Kh8 26.Rbe1 Bf6 27.c3 Rg8+ 28.Kh2 Rh4 29.Rf3 Rg7
30.Re2 c5 31.Rg3 Re4 32.Ng4 Rxe2+ 33.Bxe2 Bh4 34.Re3 Re7 35.Rxe7 Bxe7 36.Bd3 Bg5
37.b3 h5 38.Ne5 Bf4+  0-1

[Event "81st ch-StP"]
[Site "St Petersburg RUS"]
[Date "2009.02.18"]
[Round "2"]
[White "Khruschiov,A"]
[Black "Levin,Ev"]
[Result "1/2-1/2"]
[WhiteElo "2498"]
[BlackElo "2484"]

1.e4 d6 2.d4 Nf6 3.Nc3 c6 4.f4 Qa5 5.Bd3 e5 6.Nf3 exd4 7.Nxd4 g6 8.Be3 Bg7
9.Qd2 O-O 10.O-O-O Re8 11.Kb1 Nbd7 12.h3 Qc7 13.g4 Nc5 14.Qg2 Qe7 15.Rhe1 Nfxe4
16.Nxe4 Nxe4 17.f5 d5 18.Bxe4 dxe4 19.Rf1 a5 20.Rf4 Bh6 21.Qf1 a4 22.h4 Bxf4
23.Qxf4 Ra5 24.Rf1 Rd5 25.c4 Rdd8 26.f6 Qd6 27.Qh6 Qf8 28.Qf4 Kh8 29.h5 gxh5
30.Rh1 Bxg4 31.Nf5 Rd1+ 32.Rxd1 Bxd1 33.Qf1 Re5 34.Bh6 Rxf5 35.Qxf5 Qd8 36.Qg5 Bc2+
37.Kxc2 Qd3+ 38.Kc1 Qxc4+ 39.Kd2 Qd3+ 40.Ke1 Qb1+ 41.Kf2 Qxb2+ 42.Kg3 Qc3+
43.Kh2 Qb2+ 44.Kh3 Qc3+ 45.Kh4 Qe1+ 46.Kxh5 Qe2+ 47.Kh4 Qf2+ 48.Kh3 Qf1+
49.Kg3 Qf3+ 50.Kh4 Qh1+ 51.Kg3 Qf3+ 52.Kh2 Qf2+ 53.Kh3 Qf1+  1/2-1/2

[Event "Aeroflot Open"]
[Site "Moscow RUS"]
[Date "2009.02.19"]
[Round "3"]
[White "Robson,R"]
[Black "Sjugirov,S"]
[Result "0-1"]
[WhiteElo "2455"]
[BlackElo "2562"]

1.e4 d6 2.d4 Nf6 3.Nc3 e5 4.Nf3 Nbd7 5.Bc4 Be7 6.O-O O-O 7.Re1 a6 8.a4 b6
9.b3 Bb7 10.Bb2 c6 11.Qd2 Qc7 12.Rad1 b5 13.Bd3 Rfe8 14.axb5 axb5 15.Ne2 Bf8
16.Ng3 g6 17.c4 bxc4 18.Bxc4 Ba6 19.Qc3 Bxc4 20.Qxc4 Qb7 21.Rc1 Ra2 22.Ba1 exd4
23.Bxd4 c5 24.Bc3 Ng4 25.b4 Ra4 26.Ra1 Rea8 27.Rxa4 Rxa4 28.Qb3 Qb5 29.Qd5 Ra3
30.Ng5 Nde5 31.Bxe5 Nxe5 32.bxc5 Qxc5 33.Rd1 Be7 34.Nh3 Qc2 35.Qd2 Qb3 36.Rc1 Ra2
37.Qd1 Qb6 38.Rb1 Qa7 39.Rc1 h5 40.Nf1 Ng4 41.Rc2 Ra1 42.Rc1 Ra3 43.g3 Kg7
44.Qe2 Bf6 45.Kg2 Bd4 46.Rc2 Qb7 47.Rd2 Bc5 48.Qc4 Ne5 49.Qd5 Qe7 50.Nf4 Ng4
51.Re2 Ra4 52.f3 Ne5 53.Rb2 Ra7 54.Nd2 Ra1 55.Rb1 Qa7 56.Rb7 Qa6 57.Kh3 Kh6
58.Rxf7 Qc8+ 59.Kg2 Rg1+  0-1

[Event "Aeroflot Open"]
[Site "Moscow RUS"]
[Date "2009.02.21"]
[Round "5"]
[White "Robson,R"]
[Black "Bocharov,D"]
[Result "1-0"]
[WhiteElo "2455"]
[BlackElo "2647"]

1.e4 d6 2.d4 Nf6 3.Nc3 c6 4.f4 Qa5 5.Bd3 e5 6.Nf3 exd4 7.Nxd4 g6 8.Nf3 Bg7
9.O-O O-O 10.Qe1 Bg4 11.h3 Bxf3 12.Rxf3 Nbd7 13.Bd2 Qc7 14.Kh1 b5 15.Qh4 Rfe8
16.f5 Ne5 17.Rff1 Nfd7 18.Bg5 b4 19.Ne2 d5 20.Ng3 Nxd3 21.cxd3 Bxb2 22.fxg6 fxg6
23.Rf7 Kxf7 24.Qxh7+ Ke6 25.Qxg6+ Nf6 26.Rf1 Qxg3 27.Rxf6+ Bxf6 28.Qxf6+ Kd7
29.Qf7+ Kc8 30.Qxe8+ Kb7 31.Qe7+ Ka6 32.Qd7 Qe1+ 33.Kh2 Qc3 34.Bd2 Qe5+ 35.Kh1 Qa1+
36.Kh2 Qf6 37.Bg5 Qg6 38.exd5 Qe8 39.Qxe8 Rxe8 40.d6 Rg8  1-0

[Event "Aeroflot Open"]
[Site "Moscow RUS"]
[Date "2009.02.22"]
[Round "6"]
[White "Mamedov,Rau"]
[Black "Dyachkov,S"]
[Result "0-1"]
[WhiteElo "2638"]
[BlackElo "2553"]

1.e4 d6 2.d4 Nf6 3.Nc3 e5 4.Nf3 Nbd7 5.Bc4 Be7 6.g4 Nb6 7.Bb5+ c6 8.dxe5 Nxg4
9.exd6 Bh4 10.Nxh4 Qxh4 11.Qd4 cxb5 12.Nxb5 O-O 13.Nc7 Nxf2 14.O-O Nh3+ 15.Kh1 Bd7
16.Bd2 Bc6 17.Rae1 Rad8 18.Rf3 Qg4 19.Ree3 Qg3 20.Rf1  0-1

[Event "Aeroflot Open"]
[Site "Moscow RUS"]
[Date "2009.02.23"]
[Round "7"]
[White "Zhigalko,A"]
[Black "Predojevic,B"]
[Result "0-1"]
[WhiteElo "2572"]
[BlackElo "2650"]

1.e4 d6 2.d4 Nf6 3.Nc3 e5 4.Nf3 Nbd7 5.Bc4 Be7 6.O-O O-O 7.Re1 c6 8.a4 a5
9.h3 exd4 10.Nxd4 Nc5 11.b3 Be6 12.Bxe6 fxe6 13.Ba3 Nfd7 14.e5 dxe5 15.Nf3 Qc7
16.Re3 Rf7 17.Qe1 Raf8 18.Rd1 b6 19.Bb2 Rf5 20.Rd2 h6 21.Rde2 R8f7 22.Ba1 Kh7
23.Nxe5 Nxe5 24.Rxe5 Bf6 25.Rxf5 exf5 26.Na2 Bxa1 27.Qxa1 Rd7 28.Nc3 Qd6
29.Qe1 Qd4 30.Kh2 Qf6 31.g3 Rd6 32.Re8 Qd4 33.Re2 f4 34.Ne4 fxg3+ 35.Nxg3 Rf6
36.Qd2 Ne6 37.Qe3 c5 38.Qe4+ Kg8 39.Qe3 Kh7 40.Rd2 Qxe3 41.fxe3 Ng5 42.Re2 Nf3+
43.Kg2 Nh4+ 44.Kg1 Rf3 45.Kh2 Kg6 46.Ne4 Nf5 47.Rg2+ Kf7 48.Nd2 Rxe3 49.Nc4 Re6
50.Rf2 Kg6 51.Rd2 Nd4 52.Kg2 Kh5 53.c3 Nxb3 54.Rb2 Nc1 55.Nxb6 Nd3 56.Rb5 g5
57.Nd5 Re5 58.c4 Kh4 59.Rxa5 Rf5 60.Ra6 Rf2+ 61.Kg1 Ra2 62.Rxh6+ Kg3 63.Ne3 Kf3
64.Ng4 Nf4 65.Nh2+ Ke2 66.Ng4 Rxa4 67.Ne5 Ra3 68.Kh2 Kf2 69.Ng4+ Kf1 70.Nf6 Re3
71.Nd5 Rd3 72.Nf6 Re3 73.Nh7 Re2+ 74.Kh1 Kf2 75.Kh2 Kf3+ 76.Kg1 Kg3 77.Kf1 Rc2
78.Ke1 Nxh3 79.Rc6 Rxc4 80.Kd2 g4 81.Kd3 Rf4 82.Rxc5 Rf7 83.Ng5 Nxg5 84.Rxg5 Kf3  0-1

[Event "Aeroflot Open"]
[Site "Moscow RUS"]
[Date "2009.02.23"]
[Round "7"]
[White "Maze,S"]
[Black "Bocharov,D"]
[Result "1/2-1/2"]
[WhiteElo "2579"]
[BlackElo "2647"]

1.e4 d6 2.d4 Nf6 3.Nc3 c6 4.f4 Qa5 5.Bd3 e5 6.Nf3 exd4 7.Nxd4 g6 8.O-O Bg7
9.Kh1 O-O 10.f5 Nbd7 11.Qe1 Re8 12.Qh4 Ne5 13.Nf3 Nfg4 14.Be2 Qd8 15.Ng5 Nf6
16.Nf3 Nfg4 17.Ng5 Nf6 18.Qg3 b5 19.a3 a5 20.Nf3 Nfd7 21.Bg5 Qc7 22.Qh4 Bb7
23.Bh6 Qd8 24.Ng5 Bf6 25.Bd3 Qe7 26.Ne2 d5 27.Qg3 Nxd3 28.cxd3 c5 29.fxg6 fxg6
30.Nf4 dxe4 31.dxe4 Bxg5 32.Bxg5 Qxe4 33.Qb3+ c4 34.Qg3 Nc5 35.Bh6 Qe5 36.Rae1 Ne4
37.Qe3 Qc5 38.Qxc5 Nxc5 39.h4 Na4 40.Rxe8+ Rxe8 41.Rd1 Bc6 42.Rd6 Rc8 43.Re6 Nxb2
44.Re7 Nd3 45.Nh3 Bd5 46.Rg7+ Kh8 47.Ng5 Nf2+ 48.Kg1 Ng4 49.Rxh7+ Kg8 50.Rg7+ Kh8
51.Rh7+ Kg8 52.Rg7+ Kh8  1/2-1/2

[Event "Aeroflot Open"]
[Site "Moscow RUS"]
[Date "2009.02.25"]
[Round "9"]
[White "Kurnosov,I"]
[Black "Predojevic,B"]
[Result "1/2-1/2"]
[WhiteElo "2602"]
[BlackElo "2650"]

1.e4 d6 2.d4 Nf6 3.Nc3 e5 4.Nf3 Nbd7 5.Bc4 Be7 6.O-O O-O 7.a4 c6 8.Ba2 b6
9.Qe2 a6 10.Rd1 Qc7 11.h3 Rb8 12.d5 c5 13.Bc4 Ra8 14.Be3 g6 15.Ne1 Nh5 16.Nd3 Qd8
17.g4 Ng7 18.f4 exf4 19.Bxf4 f6 20.Rf1 Ne5 21.Nxe5 fxe5 22.Bxe5 dxe5 23.d6+ Be6
24.dxe7 Rxf1+ 25.Rxf1 Qxe7 26.Nd5 Qh4 27.Nxb6 Rd8 28.Qf2 Qxf2+ 29.Rxf2 Bxc4
30.Nxc4 Rd4 31.Nxe5 Rxa4 32.Nd7 Ne6 33.Rf6 Ng5 34.Nxc5 Rc4 35.Ne6 Nxe6 36.Rxe6 Rxc2
37.Rb6 Re2 38.Rxa6 Rxb2 39.Ra8+ Kf7 40.Ra7+ Kf6 41.h4 Re2 42.g5+ Ke6 43.Rxh7 Rxe4
44.Kf2 Ra4 45.h5 Ke5  1/2-1/2

[Event "Aeroflot Open"]
[Site "Moscow RUS"]
[Date "2009.02.25"]
[Round "9"]
[White "Kosintseva,N"]
[Black "Bocharov,D"]
[Result "0-1"]
[WhiteElo "2486"]
[BlackElo "2647"]

1.e4 d6 2.d4 Nf6 3.Nc3 e5 4.Nf3 Nbd7 5.Bc4 Be7 6.O-O O-O 7.Re1 a6 8.a4 b6
9.b3 Bb7 10.Bb2 c6 11.Bd3 g6 12.Nb1 exd4 13.Nxd4 Re8 14.Nd2 Bf8 15.f4 Bg7
16.c3 b5 17.axb5 cxb5 18.Bc2 Qb6 19.Kh1 Nc5 20.Qb1 Re7 21.b4 Na4 22.Bxa4 bxa4
23.Qc2 Rae8 24.Qxa4 Nxe4 25.N2f3 Qc7 26.Rac1 Bh6 27.c4 Bxf4 28.c5 Bxc1 29.Rxc1 Nf2+
30.Kg1 Nd3 31.Qc2 Nxc1 32.Qxc1 dxc5 33.bxc5 Qa5 34.Kf1 Bxf3 35.Nxf3 Qb5+
36.Kg1 Rb7  0-1

[Event "Spring"]
[Site "Mukachevo UKR"]
[Date "2009.02.25"]
[Round "4"]
[White "Boricsev,O"]
[Black "Sevostianov,P"]
[Result "1/2-1/2"]
[WhiteElo "2287"]
[BlackElo "2257"]

1.e4 d6 2.d4 Nf6 3.Nc3 e5 4.dxe5 dxe5 5.Qxd8+ Kxd8 6.Bc4 Be6 7.Bxe6 fxe6
8.Bg5 Nc6 9.O-O-O+ Bd6 10.Nge2 Ke7 11.Nb5 h6 12.Bxf6+ gxf6 13.Nxd6 cxd6 14.Rd3 Rhg8
15.g3 Rad8 16.Rhd1 h5 17.f4  1/2-1/2

[Event "Spring"]
[Site "Mukachevo UKR"]
[Date "2009.02.25"]
[Round "5"]
[White "Bunda,V"]
[Black "Kristofori,A"]
[Result "1-0"]
[WhiteElo "2267"]
[BlackElo "2012"]

1.e4 d6 2.d4 Nf6 3.Nc3 c6 4.f4 Qa5 5.Bd3 Bg4 6.Nf3 d5 7.e5 Ne4 8.O-O Nxc3
9.Qd2 c5 10.bxc3 c4 11.Be2 e6 12.h3 Bxf3 13.Bxf3 Nc6 14.a4 h5 15.Ba3 Bxa3
16.Rxa3 g5 17.fxg5 Nxe5 18.Qf4 Ng6 19.Qd6 Qd8 20.Qb4 Qxg5 21.Qb5+ Kf8 22.Qxb7 Kg7
23.Raa1 Rhb8 24.Qc7 Rc8 25.Qd6 Rd8 26.Qh2 Rab8 27.Rae1 h4 28.Bg4 Rd7 29.Qxb8  1-0

[Event "81st ch-StP"]
[Site "St Petersburg RUS"]
[Date "2009.02.27"]
[Round "11"]
[White "Solovjov,S"]
[Black "Levin,Ev"]
[Result "1-0"]
[WhiteElo "2410"]
[BlackElo "2484"]

1.e4 d6 2.d4 Nf6 3.Nc3 c6 4.f4 Qa5 5.Bd3 e5 6.Nf3 exd4 7.Nxd4 g6 8.h3 Bg7
9.Be3 O-O 10.Qf3 Nbd7 11.O-O-O Qc7 12.g4 a6 13.g5 Nh5 14.Nf5 Nc5 15.Nxg7 Nxg7
16.h4 Nxd3+ 17.Rxd3 Nh5 18.Rhd1 d5 19.exd5 Bf5 20.R3d2 Rfe8 21.d6 Qd7 22.Qf2 b5
23.Bc5 a5 24.Kb1 Rab8 25.Re2 Bg4 26.Rxe8+ Rxe8 27.Re1 b4 28.Na4 Rxe1+ 29.Qxe1 Be6
30.Nb6 Qe8 31.Qe5 h6 32.Bd4 Kh7 33.d7 Qd8 34.Qd6 Ng3 35.Qxc6 Qe7 36.Qa8  1-0

[Event "25th Open"]
[Site "Cappelle la Grande FRA"]
[Date "2009.03.04"]
[Round "6"]
[White "Gordon,S"]
[Black "Arutinian,D"]
[Result "1-0"]
[WhiteElo "2524"]
[BlackElo "2586"]

1.d4 d6 2.e4 Nf6 3.Nc3 c6 4.f4 Qa5 5.Bd3 e5 6.Nf3 exd4 7.Nxd4 g6 8.a4 Bg7
9.Nb3 Qc7 10.a5 O-O 11.O-O Re8 12.Qf3 Nbd7 13.g4 b5 14.axb6 Nxb6 15.g5 Nh5
16.Be3 Bd7 17.Bd4 c5 18.Bxg7 Nxg7 19.Nb5 Bxb5 20.Bxb5 Rf8 21.f5 c4 22.Nd4 Qc5
23.c3 a6 24.Rxa6 Rxa6 25.Bxa6 d5 26.Bb7 dxe4 27.Bxe4 Nc8 28.Kh1 gxf5 29.Nxf5 Nxf5
30.Bxf5 Ne7 31.Be6 Qc6 32.Qxc6  1-0

[Event "25th Open"]
[Site "Cappelle la Grande FRA"]
[Date "2009.03.04"]
[Round "6"]
[White "Pace,C"]
[Black "Borsuk,A"]
[Result "0-1"]
[WhiteElo "2159"]
[BlackElo "2366"]

1.e4 d6 2.d4 Nf6 3.Nc3 e5 4.Nf3 Nbd7 5.Bc4 Be7 6.O-O O-O 7.h3 c6 8.a4 b6
9.Qe2 a6 10.Be3 Bb7 11.Nd2 d5 12.exd5 cxd5 13.Bb3 exd4 14.Bxd4 Re8 15.Qf3 Bc5
16.Qd3 Ne5 17.Bxe5 Rxe5 18.Nf3 Rh5 19.Ne2 Qc7 20.Ned4 Rd8 21.c3 Ne4 22.Bd1 Rh6
23.Nf5 Rf6 24.N3d4 Bc8 25.Ng3 Rg6 26.Nxe4 dxe4 27.Qxe4 Bb7  0-1

[Event "10th EICC"]
[Site "Budva MNE"]
[Date "2009.03.06"]
[Round "1"]
[White "Brkic,A"]
[Black "Maevsky,N"]
[Result "1-0"]
[WhiteElo "2550"]
[BlackElo "2223"]

1.e4 d6 2.d4 Nf6 3.Nc3 e5 4.Nf3 Nbd7 5.Bc4 Be7 6.O-O O-O 7.Re1 c6 8.a4 a5
9.Bg5 exd4 10.Nxd4 Ne5 11.Bb3 h6 12.Bh4 Re8 13.f4 Ng6 14.Bg3 Qb6 15.Kh1 Bd7
16.e5 dxe5 17.fxe5 Bc5 18.Nf3 Nd5 19.Bxd5 cxd5 20.Nxd5 Qc6 21.c4 Be6 22.Re2 Rad8
23.Rd2 Rd7 24.Qb3 Red8 25.Rad1 Rc8 26.h3 Ne7 27.Rd3 Ba7 28.Nxe7+ Rxe7 29.Rd8+ Re8
30.Rxe8+ Rxe8 31.Qb5 Bxc4 32.Qxa5 Be2 33.Rd6 Qc1+ 34.Qe1 Be3 35.Qxc1 Bxc1
36.Nd4 Bc4 37.b3 Bd3 38.Ne6 Bc2 39.Nc5 Ba3 40.Rd2 Bxc5 41.Rxc2 Bd4 42.Rc7 b6
43.Rc6 Be3 44.Kh2 Kf8 45.h4 h5 46.Rd6 Ke7 47.Rd3 Bc5 48.Bf4 Ke6 49.Kg3 Rc8
50.Kf3 Bb4 51.Re3 Rb8 52.Ke4 b5 53.g3 bxa4 54.bxa4 Ra8  1-0

[Event "10th EICC"]
[Site "Budva MNE"]
[Date "2009.03.06"]
[Round "1"]
[White "Nijboer,F"]
[Black "Chapman,T"]
[Result "1-0"]
[WhiteElo "2560"]
[BlackElo "2251"]

1.e4 d6 2.d4 Nf6 3.Nc3 c6 4.Nf3 Bg4 5.Be3 Qa5 6.Qd2 Nbd7 7.Be2 e5 8.O-O Be7
9.Rfe1 b5 10.a3 a6 11.h3 Bh5 12.g4 Bg6 13.g5 Nh5 14.Nh4 f6 15.Nf5 Bxf5 16.exf5 g6
17.dxe5 Nxe5 18.b4 Qc7 19.f4 Nc4 20.Bxc4 bxc4  1-0

[Event "10th EICC"]
[Site "Budva MNE"]
[Date "2009.03.06"]
[Round "1"]
[White "Pavlidis,Ant"]
[Black "Chadaev,N"]
[Result "1/2-1/2"]
[WhiteElo "2278"]
[BlackElo "2568"]

1.e4 d6 2.d4 Nf6 3.Nc3 Nbd7 4.f4 e5 5.Nf3 exd4 6.Qxd4 c6 7.Be3 Qb6 8.O-O-O Be7
9.Qd2 Qc7 10.Bd4 O-O 11.e5 Nd5 12.Nxd5 cxd5 13.h4 dxe5 14.fxe5 Nc5 15.Bd3 Nxd3+
16.Qxd3 Qc4 17.Kb1 Qxd3 18.cxd3 Bf5 19.Bc3 h5 20.Nd4 Bg4 21.Rdf1 Bc5 22.Rf4 Rae8
23.Nf5 Bxf5 24.Rxf5 d4 25.e6 b6 26.exf7+ Rxf7 27.Rxf7 Kxf7 28.Rf1+ Kg6 29.Be1 Re2
30.Bf2 a5 31.a4 Kh6 32.Kc1 g5 33.g3 g4 34.Be1 Kg6 35.Bd2 Bd6 36.Re1 Rxe1+
37.Bxe1 Kf5 38.Kd1 Ke6 39.Kc2 Kd5 40.Kb3 Kc5 41.Kc2 Kd5 42.Kd1 Bf8 43.Bd2 Bd6
44.Be1 Bc7 45.Kc2 Kc6 46.Kb3 b5 47.Bf2 Kc5 48.Be1 Bb8 49.Bf2 Bd6 50.Be1 Kc6
51.Bf2 Bc7  1/2-1/2

[Event "TCh-AUT 2nd Bundesliga Mitte 2008-9"]
[Site "Austria AUT"]
[Date "2009.03.07"]
[Round "7"]
[White "Kavcic,Z"]
[Black "Kranzl,P"]
[Result "1/2-1/2"]
[WhiteElo "2313"]
[BlackElo "2279"]

1.e4 c6 2.d4 d6 3.Nc3 Nf6 4.f4 g6 5.Nf3 Bg7 6.Bd3 Nbd7 7.e5 Nd5 8.Nxd5 cxd5
9.e6 fxe6 10.Qe2 Qb6 11.c3 a6 12.Be3 Bf6 13.h4 Nf8 14.h5 Rg8 15.g4 Bd7 16.hxg6 hxg6
17.g5 Bh8 18.Rh6 O-O-O 19.O-O-O Bg7 20.Rh2 Kb8 21.Nh4 Be8 22.Kb1 Rc8 23.Ka1 Rh8
24.Rdh1 Rg8 25.Bd2 Qc7 26.Nf3 Qb6 27.Nh4 Qc7  1/2-1/2

[Event "TCh-AUT 2nd Bundesliga West 2008-9"]
[Site "Austria AUT"]
[Date "2009.03.07"]
[Round "10"]
[White "Dovzik,J"]
[Black "Micheli,C"]
[Result "0-1"]
[WhiteElo "2374"]
[BlackElo "2289"]

1.d4 d6 2.e4 Nf6 3.Nc3 c6 4.f4 Qa5 5.Bd3 e5 6.Nf3 Bg4 7.Be3 Nbd7 8.O-O Be7
9.h3 exf4 10.Bxf4 Bh5 11.Qd2 Qb6 12.Na4 Qd8 13.Rae1 O-O 14.c4 Bg6 15.Bh2 d5
16.e5 Ne4 17.Qc2 f5 18.Nc3 Nb6 19.c5 Nc4 20.b3 Na3 21.Qb2 b6 22.Qxa3 Nxc3
23.Qc1 Ne4 24.cxb6 Qxb6 25.Re2 Bh5 26.Kh1 Rac8 27.Rc2 g5 28.Re1 h6 29.Bg1 Bg6
30.Bxe4 fxe4 31.Nh2 Bb4 32.Rf1 e3 33.Bxe3 Rxf1+ 34.Nxf1 Bxc2 35.Qxc2 c5 36.Ng3 Qe6
37.Nh5 cxd4 38.Nf6+ Kf8 39.Qh7 dxe3 40.Qxh6+ Ke7 41.Qxg5 e2  0-1

[Event "10th EICC"]
[Site "Budva MNE"]
[Date "2009.03.07"]
[Round "2"]
[White "Klenburg,M"]
[Black "Mikavica,M"]
[Result "1-0"]
[WhiteElo "2426"]
[BlackElo "2211"]

1.e4 d6 2.d4 Nf6 3.Nc3 Nbd7 4.g4 h6 5.h3 e5 6.Nge2 Be7 7.Be3 c6 8.Ng3 Nb6
9.Qd2 Be6 10.O-O-O Qc7 11.Nf5 Bxf5 12.gxf5 Nfd7 13.Rg1 Bf6 14.d5 c5 15.Nb5 Qb8
16.c4 a6 17.Nc3 Qc7 18.Bd3 Nc8 19.a4 Na7 20.Kc2 Ke7 21.Ra1 a5 22.Ne2 Nb8
23.Ng3 Na6 24.Be2 Nb4+ 25.Kc3 Rh7 26.Nh5 Rah8 27.Rg2 Nc8 28.Rag1 Nb6 29.b3 Kf8
30.Nxf6 gxf6 31.Bh5 Nd7 32.Rg3 Qb6 33.Kb2 Qc7 34.Qd1 b5 35.axb5 a4 36.Qa1 Nb6
37.Be2 axb3 38.Kxb3 Qb8 39.Qa5 Ke7 40.Ra1 Rd8 41.Qa7+ Nd7 42.Qxb8 Rxb8 43.Bd2 Rhh8
44.Ra7 Rhc8  1-0

[Event "10th EICC"]
[Site "Budva MNE"]
[Date "2009.03.07"]
[Round "2"]
[White "Valenti,G"]
[Black "Kunin,V"]
[Result "0-1"]
[WhiteElo "2183"]
[BlackElo "2546"]

1.e4 d6 2.d4 Nf6 3.Nc3 Nbd7 4.Nf3 e5 5.Bc4 Be7 6.O-O O-O 7.Re1 c6 8.a4 h6
9.h3 Re8 10.dxe5 dxe5 11.Be3 Bb4 12.Qd3 Qe7 13.Bd2 Nf8 14.Nh4 Bd7 15.Qf3 Rad8
16.Rad1 N6h7 17.g4 Be6 18.Nf5 Qf6 19.Bd3 Nd7 20.Nd5 cxd5 21.Bxb4 Bxf5 22.gxf5 Ng5
23.Qg4 Qb6 24.Bd2 Nf6 25.Qg2 Nfxe4 26.Be3 d4 27.Bc1 Nc5 28.Bb5 Nd7 29.Bxg5 hxg5
30.Qxg5 a6 31.Bc4 Qxb2 32.Rd3 Qb4 33.Rg3 Qxe1+ 34.Kg2 Kf8 35.Bxf7 Qe4+ 36.Kh2 Qf4
37.Qxg7+ Ke7 38.Bxe8+ Kd6 39.Qg6+ Kc7 40.Kg1 Qc1+ 41.Kg2 Qxc2 42.Qf7 d3  0-1

[Event "25th Open"]
[Site "Cappelle la Grande FRA"]
[Date "2009.03.07"]
[Round "9"]
[White "Burg,T"]
[Black "Vorobiov,E"]
[Result "0-1"]
[WhiteElo "2389"]
[BlackElo "2591"]

1.e4 d6 2.d4 Nf6 3.Nc3 e5 4.Nf3 Nbd7 5.g4 Nxg4 6.Rg1 Ngf6 7.Bc4 exd4 8.Qxd4 Nb6
9.Bb3 Be6 10.Qd3 g6 11.Nd4 Bxb3 12.axb3 Nh5 13.Ra5 c5 14.Qb5+ Nd7 15.Bg5 Be7
16.Bxe7 Qxe7 17.Nde2 b6 18.Nd5 Qd8 19.Ra1 O-O 20.Ng3 Nxg3 21.Rxg3 Nf6 22.Nc3 Re8
23.Re3 d5 24.exd5 Rxe3+ 25.fxe3 Nxd5 26.Rd1 Qh4+ 27.Kd2 Qxh2+ 28.Kc1 Nxe3
29.Rd2 Qg1+ 30.Nd1 Nxd1 31.Rxd1 Qg5+ 32.Kb1 Rd8  0-1

[Event "TCh-NED 2008-9"]
[Site "Netherlands NED"]
[Date "2009.03.07"]
[Round "6"]
[White "Rothuis,V"]
[Black "Reinderman,D"]
[Result "0-1"]
[WhiteElo "2357"]
[BlackElo "2537"]

1.e4 d6 2.d4 Nf6 3.Nc3 e5 4.Nf3 Nbd7 5.Bc4 Be7 6.O-O O-O 7.Re1 a6 8.a4 b6
9.Ne2 Bb7 10.Ng3 exd4 11.Nxd4 Re8 12.f4 d5 13.Bxd5 Nxd5 14.exd5 Bxd5 15.Ndf5 Bc5+
16.Be3 Bxe3+ 17.Rxe3 Rxe3 18.Qxd5 Re8 19.Nxg7 Kxg7 20.Nh5+ Kh8 21.Qxf7 Qe7
22.Qf5 Qc5+  0-1

[Event "TCh-AUT 2nd Bundesliga West 2008-9"]
[Site "Austria AUT"]
[Date "2009.03.08"]
[Round "11"]
[White "Gross,Dav GER"]
[Black "Eisenbeiser,A"]
[Result "1/2-1/2"]
[WhiteElo "2485"]
[BlackElo "2424"]

1.e4 d6 2.d4 Nf6 3.Nc3 e5 4.Nf3 Nbd7 5.Bc4 Be7 6.O-O O-O 7.a4 exd4 8.Qxd4 Ng4
9.Nd5 Nde5 10.Nxe5 Nxe5 11.Bf4 Bf6 12.Nxf6+ Qxf6 13.Bxe5 Qxe5 14.Qxe5 dxe5
15.Rfd1 Re8 16.Bd5 a5 17.Ra3 Kf8 18.Rc3 Re7 19.Bb3 Ke8 20.f3 f6 21.Kf2 Rd7
22.Rxd7 Kxd7 23.g3 Ra6 24.Rc5 Kd6 25.Rd5+ Ke7 26.Ke3 Bd7 27.h4 Bc6 28.Rc5 Kd6
29.Rc3 Rb6 30.Rd3+ Ke7 31.Rc3 Kd6 32.Rd3+ Ke7 33.Rc3  1/2-1/2

[Event "TCh-BEL 2008-9"]
[Site "Belgium BEL"]
[Date "2009.03.08"]
[Round "10"]
[White "Jens,J"]
[Black "Van Tillburgh,J"]
[Result "1-0"]
[WhiteElo "2379"]
[BlackElo "1979"]

1.e4 d6 2.d4 Nf6 3.Nc3 e5 4.Nge2 Be7 5.g3 Nc6 6.Bg2 O-O 7.h3 b6 8.d5 Nb8
9.O-O Nbd7 10.f4 a5 11.f5 Ba6 12.a4 Nc5 13.Be3 Nfd7 14.Qd2 h6 15.h4 Kh7 16.Bf3 Rh8
17.Rf2 Bf6 18.Rh2 Kg8 19.Kf2 h5 20.Ng1 g6 21.fxg6 fxg6 22.Nh3 Qe7 23.Kg2 Kg7
24.Nd1 Rag8 25.Ndf2 Kf8 26.Qd1 Ke8 27.c3 Nf8 28.b4 Ncd7 29.Ng5 Nh7 30.Nfh3 Ndf8
31.bxa5 bxa5 32.Rb1 Bc8 33.Rb8 Qd8 34.Kg1 Nxg5 35.Nxg5 Bxg5 36.Bxg5 Qd7 37.Bg2 Kf7
38.Bh3 Qxh3 39.Rxh3 Bxh3 40.Qf3+  1-0

[Event "TCh-BEL 2008-9"]
[Site "Belgium BEL"]
[Date "2009.03.08"]
[Round "10"]
[White "Winants,L"]
[Black "Beeckmans,F"]
[Result "1-0"]
[WhiteElo "2516"]
[BlackElo "2297"]

1.d4 d6 2.e4 Nf6 3.Nc3 Nbd7 4.Bc4 c6 5.a4 d5 6.exd5 Nb6 7.Bb3 Nbxd5 8.Nf3 Bg4
9.h3 Bxf3 10.Qxf3 e6 11.O-O Be7 12.Nd1 b5 13.Ne3 O-O 14.c3 a5 15.Rd1 Qd7
16.Bc2 Rfc8 17.Ng4 Qe8 18.Ne5 Nb6 19.axb5 cxb5 20.Bd3 Nc4 21.Qe2 Nd6 22.h4 a4
23.Bd2 Nd5 24.Rac1 Rc7 25.h5 Rac8 26.Qf3 a3 27.bxa3 f6 28.Ng4 f5 29.Ne3 Nxc3
30.Bxc3 Rxc3 31.Rxc3 Rxc3 32.d5 Qa8 33.Qe2 Qxa3 34.dxe6 Qc5 35.h6 g6 36.Qb2 Qa3
37.Qe2 Qc5 38.Bb1 Qe5 39.Qd2 Ra3 40.Nd5 Kf8 41.Re1 Nc4 42.Qd1 Nb2 43.Qc1  1-0